Chefs d'orchestre au concert du nouvel an de Vienne - Statistiques

Statistiques générales
  • Ce quiz a été pris 76 fois
    20 depuis la dernière actualisation
  • Le résultat moyen est 19 sur 44
Statistiques - réponses
Années Chef % Correct
1987 Herbert von Karajan
93%
1988 Claudio Abbado
64%
1991 Claudio Abbado
64%
2011 Daniel Barenboim
64%
2014 Daniel Barenboim
64%
2022 Daniel Barenboim
64%
2017 Gustavo Dudamel
64%
2025 Riccardo Mutti
64%
1980-1986 Lorin Maazel
50%
1994 Lorin Maazel
50%
1996 Lorin Maazel
50%
1999 Lorin Maazel
50%
2005 Lorin Maazel
50%
2002 Seiji Ozawa
50%
2008 Georges Prêtre
43%
2010 Georges Prêtre
43%
1993 Riccardo Muti
43%
1997 Riccardo Muti
43%
2000 Riccardo Muti
43%
2004 Riccardo Muti
43%
2018 Riccardo Muti
43%
2021 Riccardo Muti
43%
2020 Andris Nelsons
36%
1989 Carlos Kleiber
36%
1992 Carlos Kleiber
36%
2019 Christian Thielemann
36%
2024 Christian Thielemann
36%
1939-1945 Clemens Krauss
36%
1948-1954 Clemens Krauss
36%
1946-1947 Josef Krips
36%
2006 Mariss Jansons
36%
2012 Mariss Jansons
36%
2016 Mariss Jansons
36%
2009 Franz Welser-Möst
29%
2001 Nikolaus Harnoncourt
29%
2003 Nikolaus Harnoncourt
29%
1990 Zubin Mehta
29%
1995 Zubin Mehta
29%
1998 Zubin Mehta
29%
2007 Zubin Mehta
29%
2015 Zubin Mehta
29%
2013 Franz Welser-Möst
21%
2023 Franz Welser-Möst
21%
1955-1979 Willy Boskowsky
21%
Aucun quiz correspondant
Distribution des résultats
% des personnes avec chaque résultat
Percentile par nombre de réponses
Votre historique - résultats
Vous n’avez pas pris ce quiz depuis la dernière actualisation